[Event "29th TCh-IRQ 2017"]
[Site "masterchessopen.com Baghdad IRQ"]
[Date "2017.03.23"]
[Round "8"]
[White "Mazin,A"]
[Black "Gagunashvili,M"]
[Result "0-1"]
[WhiteElo "1968"]
[BlackElo "2567"]
[EventType "team"]

1.e4 c5 2.Nf3 e6 3.g3 Nc6 4.Bg2 Nf6 5.d3 d6 6.O-O Be7 7.c3 O-O 8.Re1 e5 9.d4
exd4 10.cxd4 Bg4 11.Nbd2 Nxd4 12.h3 Nxf3+ 13.Nxf3 Be6 14.Qc2 Qb6 15.b3 Nd7
16.Bb2 Bf6 17.Bxf6 Nxf6 18.e5 dxe5 19.Rxe5 Bd5 20.g4 Qc6 21.Nh4 Rfe8 22.Rae1
Bxg2 23.Nxg2 b6 24.Qc4 Rxe5 25.Rxe5 Re8 26.Rf5 Qd7 27.Ne3 h6 28.Qf4 Ne4 29.Rd5
Qe6 30.Rd3 Ng5 31.Qg3 Qe4 32.Nf5 Qe1+ 33.Kg2 Qb1 34.h4 Ne6 35.g5 {#R} 0-1

[Event "29th TCh-IRQ 2017"]
[Site "masterchessopen.com Baghdad IRQ"]
[Date "2017.03.23"]
[Round "8"]
[White "Ahmad,Az"]
[Black "Sabry Abd,Mohammed"]
[Result "1-0"]
[WhiteElo "2400"]
[BlackElo "2025"]
[EventType "team"]

1.e4 g6 2.d4 Bg7 3.f4 d5 4.e5 Bf5 5.Nf3 e6 6.c4 Ne7 7.Nc3 O-O 8.h3 h5 9.Ng5 h4
10.Be3 Nbc6 11.a3 Bh6 12.Nf3 f6 13.exf6 Rxf6 14.Nxh4 Be4 15.Nxe4 dxe4 16.g3 e5
17.dxe5 Qxd1+ 18.Rxd1 Nxe5 19.fxe5 Rxf1+ 20.Rxf1 Bxe3 21.Rd7 {#r} 1-0

[Event "29th TCh-IRQ 2017"]
[Site "masterchessopen.com Baghdad IRQ"]
[Date "2017.03.23"]
[Round "8"]
[White "Ahmed Haider Sadiq"]
[Black "Babiy,Olga"]
[Result "0-1"]
[WhiteElo "1530"]
[BlackElo "2334"]
[EventType "team"]

1.d4 Nf6 2.c4 e6 3.Nf3 d5 4.Nc3 dxc4 5.e4 c5 6.Bxc4 cxd4 7.Qxd4 Qxd4 8.Nxd4 a6
9.O-O b5 10.Bd3 Nbd7 11.Re1 Ne5 12.Bc2 Bb7 13.a3 Rc8 14.f4 Bc5 15.Rd1 Nc6
16.Be3 Ng4 17.b4 Bb6 18.Nxc6 Bxe3+ 19.Kf1 Rxc6 20.Ke1 {#R} 0-1

[Event "29th TCh-IRQ 2017"]
[Site "masterchessopen.com Baghdad IRQ"]
[Date "2017.03.23"]
[Round "8"]
[White "Ameer,Dhafer Abdulameer"]
[Black "Widad,Sabah Noori"]
[Result "1-0"]
[WhiteElo "1505"]
[BlackElo "1179"]
[EventType "team"]

1.e4 e5 2.Nf3 Nc6 3.d4 exd4 4.Bc4 Bc5 5.c3 Nf6 6.e5 Ng4 7.Bxf7+ Kxf7 8.Ng5+
Ke8 9.Qxg4 Nxe5 10.Qe4 Qe7 11.Qg4 Qd8 12.Qe4 Qe7 13.O-O dxc3 14.Nxc3 h6 15.Nd5
Qd6 16.Re1 hxg5 17.Qxe5+ Qxe5 18.Rxe5+ Kd8 19.Bxg5+ Be7 20.Rxe7 {#r} 1-0

[Event "29th TCh-IRQ 2017"]
[Site "masterchessopen.com Baghdad IRQ"]
[Date "2017.03.23"]
[Round "8"]
[White "Ali Najib kadhim"]
[Black "Rabeea,Sabah Nori"]
[Result "0-1"]
[WhiteElo "1447"]
[BlackElo "1957"]
[EventType "team"]

1.d4 d5 2.c4 e5 3.dxe5 d4 4.Nf3 Nc6 5.e3 Bb4+ 6.Bd2 dxe3 7.fxe3 Bg4 8.Bxb4
Qxd1+ 9.Kxd1 Nxb4 10.Be2 O-O-O+ {#R} 0-1

[Event "TCh-AUT 2016-17"]
[Site "masterchessopen.com Austria AUT"]
[Date "2017.03.23"]
[Round "5.5"]
[White "Tober,G"]
[Black "Kreisl,R"]
[Result "0-1"]
[WhiteElo "2250"]
[BlackElo "2447"]
[EventType "team"]

1.e4 c6 2.d4 d5 3.exd5 cxd5 4.Bd3 Nc6 5.c3 Qc7 6.Ne2 Bg4 7.h3 Bh5 8.O-O e6
9.Bf4 Qxf4 10.Nxf4 Bxd1 11.Rxd1 Bd6 12.Ne2 Nge7 13.Nd2 O-O 14.f4 f6 15.Rf1 e5
16.fxe5 fxe5 17.dxe5 Nxe5 18.Bc2 g6 19.Nd4 Bc5 20.Nb3 Bb6 21.a4 a5 22.Rae1
N7c6 23.Re2 Nxd4 24.Nxd4 Nc6 25.Rd2 Rxf1+ 26.Kxf1 Bxd4 27.cxd4 Rf8+ 28.Ke1
Re8+ 29.Kd1 Nb4 30.Rf2 Kg7 31.Kd2 Re6 32.Bb3 Re4 33.Bc2 Rxd4+ 34.Ke3 Rc4
35.Bb3 Re4+ 36.Kf3 Rd4 37.Ke3 Rd3+ {#R} 0-1

[Event "Budapest Spring Open 2017"]
[Site "masterchessopen.com Budapest HUN"]
[Date "2017.03.22"]
[Round "5.4"]
[White "Stupak,K"]
[Black "Odeev,H"]
[Result "1-0"]
[WhiteElo "2561"]
[BlackElo "2405"]
[EventType "swiss"]

1.d4 Nf6 2.c4 g6 3.Nc3 d5 4.cxd5 Nxd5 5.e4 Nxc3 6.bxc3 Bg7 7.Be3 O-O 8.Qd2 e5
9.Rc1 Qe7 10.Bd3 f5 11.dxe5 fxe4 12.Bxe4 Qxe5 13.Bd5+ Kh8 14.Nf3 Qd6 15.Ng5
Qe7 16.h4 Nc6 17.h5 gxh5 18.Qe2 Ne5 19.Qxh5 h6 20.Qxh6+ Bxh6 21.Rxh6+ Kg7
22.Rh7+ Kf6 23.Ne4+ Kg6 24.Rxe7 Nd3+ 25.Kd2 Nxc1 26.Kxc1 c6 27.Bb3 Bf5 28.Nd6
{#r} 1-0

[Event "Budapest Spring Open 2017"]
[Site "masterchessopen.com Budapest HUN"]
[Date "2017.03.22"]
[Round "5.7"]
[White "Hoang Thanh Trang"]
[Black "Kovalev,Vl"]
[Result "0-1"]
[WhiteElo "2463"]
[BlackElo "2598"]
[EventType "swiss"]

1.d4 Nf6 2.c4 g6 3.Nc3 Bg7 4.e4 d6 5.Be2 O-O 6.Bg5 Na6 7.f4 c6 8.Qd2 Nc7 9.Bf3
Ne6 10.Bh4 c5 11.dxc5 Nxc5 12.Rd1 e5 13.Qxd6 Qxd6 14.Rxd6 Nfd7 15.f5 gxf5
16.Nge2 fxe4 17.Nxe4 Nxe4 18.Bxe4 Nc5 19.Bc2 Be6 20.b3 a5 21.O-O a4 22.Nc3
axb3 23.axb3 Ra3 24.Be7 Rc8 25.Rfd1 Raa8 26.Ne4 Bf5 27.Nxc5 Bxc2 28.R1d2 Re8
29.Rd7 Bf5 30.Rxb7 e4 31.h3 e3 32.Re2 Bc8 33.Bd6 Rd8 34.Bf4 Rd2 35.Re1 Bxb7
36.Nxb7 Raa2 37.Bxe3 Rxg2+ 38.Kf1 f5 39.Nd6 f4 40.Bb6 Rh2 41.Ne4 Rh1+ {#R} 0-1

[Event "Budapest Spring Open 2017"]
[Site "masterchessopen.com Budapest HUN"]
[Date "2017.03.22"]
[Round "5.9"]
[White "Indjic,A"]
[Black "Drori,Saar"]
[Result "1-0"]
[WhiteElo "2569"]
[BlackElo "2368"]
[EventType "swiss"]

1.d4 Nf6 2.c4 g6 3.Nc3 d5 4.Nf3 Bg7 5.Qb3 dxc4 6.Qxc4 O-O 7.e4 a6 8.e5 b5
9.Qb3 Nfd7 10.e6 fxe6 11.Be3 Nf6 12.g3 Bb7 13.Qxe6+ Kh8 14.Bg2 Qd6 15.Qh3 Nbd7
16.O-O b4 17.Ne2 e5 18.dxe5 Nxe5 19.Nxe5 Bxg2 20.Nxg6+ Kg8 21.Qxg2 hxg6
22.Rfd1 Qe5 23.Nf4 Qf5 24.Rac1 Rac8 25.Rc5 Qe4 26.Qxe4 Nxe4 27.Rc4 {#r} 1-0

[Event "Budapest Spring Open 2017"]
[Site "masterchessopen.com Budapest HUN"]
[Date "2017.03.22"]
[Round "5.11"]
[White "Mikhalevski,V"]
[Black "Erenberg,Ariel"]
[Result "1-0"]
[WhiteElo "2511"]
[BlackElo "2366"]
[EventType "swiss"]

1.d4 d5 2.Bg5 c6 3.e3 g6 4.Nf3 Bg7 5.Nbd2 Nf6 6.Be2 O-O 7.O-O b6 8.b4 Nbd7
9.c3 Bb7 10.Qb3 Qc8 11.Rab1 Qe8 12.a4 e5 13.Rfc1 Rc8 14.Bh4 Ba8 15.Ba6 Rd8
16.h3 Qe6 17.c4 c5 18.Bb5 e4 19.Nh2 Rc8 20.Ba6 Rb8 21.Re1 Rbe8 22.Rbd1 cxd4
23.exd4 Nh5 24.Ndf1 Ndf6 25.Ne3 h6 26.Bxf6 Nxf6 27.Nhg4 Nxg4 28.hxg4 dxc4
29.Bxc4 Qd6 30.d5 f5 31.Bb5 Rd8 32.Bc6 Kh8 33.b5 Qf4 34.gxf5 gxf5 35.Bxa8 Rxa8
36.d6 Rad8 37.d7 Qh4 38.Rd5 f4 39.Nf5 Qg4 40.Rxe4 Qg6 41.Qd3 Qg5 42.Ne7 Qf6
43.Nc6 f3 44.Qxf3 Qa1+ 45.Qd1 Qf6 46.Re2 {#r} 1-0

[Event "Budapest Spring Open 2017"]
[Site "masterchessopen.com Budapest HUN"]
[Date "2017.03.22"]
[Round "5.17"]
[White "Timofeev,Arty"]
[Black "Almasi,I"]
[Result "1-0"]
[WhiteElo "2564"]
[BlackElo "2415"]
[EventType "swiss"]

1.c4 c5 2.g3 g6 3.Bg2 Bg7 4.Nc3 Nc6 5.d3 Nf6 6.Nh3 O-O 7.Nf4 a6 8.Qd2 e6 9.O-O
Rb8 10.b3 d5 11.Ba3 Qa5 12.cxd5 Nxd5 13.Nfxd5 exd5 14.Bb2 Bg4 15.Rfd1 Nd4
16.h3 Be6 17.Nxd5 Qxd2 18.Rxd2 Rfd8 19.Nf4 Bxb3 20.e3 Nc2 21.Bxg7 Kxg7 22.Rc1
c4 23.axb3 cxb3 24.Rb1 b5 25.Rxb3 Rdc8 26.Nd5 b4 27.Ne7 Rc5 28.d4 Rc4 29.Bd5
Rc7 30.Nc6 Rb5 31.Rxc2 {#r} 1-0

[Event "Budapest Spring Open 2017"]
[Site "masterchessopen.com Budapest HUN"]
[Date "2017.03.22"]
[Round "5.18"]
[White "Kumsiashvili,N"]
[Black "Aczel,G"]
[Result "0-1"]
[WhiteElo "2383"]
[BlackElo "2555"]
[EventType "swiss"]

1.d4 Nf6 2.c4 e6 3.Nf3 d5 4.Nc3 Be7 5.Bg5 O-O 6.e3 h6 7.Bh4 b6 8.cxd5 Nxd5
9.Bxe7 Qxe7 10.Nxd5 exd5 11.Be2 Be6 12.O-O c5 13.dxc5 bxc5 14.Qa4 a5 15.Bb5
Nd7 16.Rac1 Rfc8 17.Rfd1 Nf6 18.Ne5 Qd6 19.Nd3 Qb6 20.Ne5 Rab8 21.Bd7 Nxd7
22.Nxd7 Bxd7 23.Qxd7 Rd8 24.Qe7 c4 25.Rd2 Qb4 26.Qxb4 axb4 27.Rcd1 Ra8 28.e4
c3 29.Rxd5 Rxd5 30.exd5 c2 31.Rc1 Rxa2 32.d6 Kf8 33.Re1 Ra7 34.b3 Rd7 {#R} 0-1

[Event "Budapest Spring Open 2017"]
[Site "masterchessopen.com Budapest HUN"]
[Date "2017.03.22"]
[Round "5.21"]
[White "Popovic,Du"]
[Black "Beshukov,S"]
[Result "1-0"]
[WhiteElo "2515"]
[BlackElo "2402"]
[EventType "swiss"]

1.e4 c5 2.Nf3 e6 3.Nc3 a6 4.g3 b5 5.Bg2 Bb7 6.d3 Qc7 7.O-O d6 8.Ng5 Nf6 9.f4
h6 10.Nh3 Nc6 11.f5 e5 12.Nd5 Nxd5 13.exd5 Ne7 14.c4 Ng8 15.Nf2 Nf6 16.Bd2 Be7
17.a3 Qd7 18.g4 a5 19.Qf3 a4 20.Rab1 Ba6 21.Rfc1 bxc4 22.dxc4 Bd8 23.b4 axb3
24.Qxb3 O-O 25.Qh3 Nh7 26.Ne4 Bg5 27.Bxg5 Nxg5 28.Nxg5 hxg5 29.Rb6 Rfb8 30.Rc6
f6 31.Qd3 Qd8 32.Rf1 Rb6 33.h4 gxh4 34.g5 Kf7 35.Qe4 fxg5 36.f6 g6 37.Bh3 Bc8
38.Rxc8 {#r} 1-0

[Event "Budapest Spring Open 2017"]
[Site "masterchessopen.com Budapest HUN"]
[Date "2017.03.22"]
[Round "5.22"]
[White "Kobo,Ori"]
[Black "Gara,A"]
[Result "1-0"]
[WhiteElo "2501"]
[BlackElo "2355"]
[EventType "swiss"]

1.d4 Nf6 2.c4 g6 3.Nc3 d5 4.Bg5 Ne4 5.Bh4 Nxc3 6.bxc3 dxc4 7.e3 Be6 8.Nf3 Nd7
9.d5 Bf5 10.Qd4 Nf6 11.e4 Bc8 12.Bxc4 Bg7 13.e5 Nd7 14.O-O O-O 15.Rad1 Nb6
16.Bb3 a5 17.c4 a4 18.Bc2 Ra5 19.Rfe1 f6 20.e6 Qd6 21.Bd3 Rd8 22.Bg3 Qc5
23.Qf4 Na8 24.h4 b5 25.cxb5 Rxd5 26.Rc1 Qa3 27.Be4 Bxe6 28.Bxd5 Bxd5 29.b6
cxb6 30.Rc8+ Bf8 31.Re3 Qb2 32.Qb8 Qb4 33.Rxf8+ Kg7 34.Re8 e6 35.Bd6 {#r} 1-0

[Event "Budapest Spring Open 2017"]
[Site "masterchessopen.com Budapest HUN"]
[Date "2017.03.22"]
[Round "5.26"]
[White "Reshef,O"]
[Black "Farkas,R"]
[Result "1-0"]
[WhiteElo "2466"]
[BlackElo "2319"]
[EventType "swiss"]

1.e4 e6 2.d4 d5 3.Nd2 dxe4 4.Nxe4 Nd7 5.Nf3 Ngf6 6.Bg5 h6 7.Bxf6 Nxf6 8.Bd3
Nxe4 9.Bxe4 c5 10.Qe2 Qa5+ 11.c3 cxd4 12.Nxd4 Be7 13.O-O O-O 14.a4 a6 15.Rfe1
Qc7 16.Bc2 Bf6 17.h4 e5 18.Nf3 h5 19.Nxe5 Re8 20.f4 g6 21.Qf2 Be6 22.Re3 a5
23.Rae1 Bd5 24.Ng4 hxg4 25.Rxe8+ Rxe8 26.Rxe8+ Kg7 27.Re1 g3 28.Qxg3 Qb6+
29.Kh2 Qxb2 30.Be4 Bxe4 31.Rxe4 Bxc3 32.h5 Bf6 33.hxg6 fxg6 34.Rc4 g5 35.Rc7+
Kf8 36.Qh3 {#r} 1-0

[Event "Budapest Spring Open 2017"]
[Site "masterchessopen.com Budapest HUN"]
[Date "2017.03.22"]
[Round "5.27"]
[White "Nagy,Ga1"]
[Black "Kirszenberg,M"]
[Result "1-0"]
[WhiteElo "2448"]
[BlackElo "2180"]
[EventType "swiss"]

1.e4 c6 2.d4 d5 3.Nd2 dxe4 4.Nxe4 Nf6 5.Nxf6+ gxf6 6.Nf3 Bf5 7.Bd3 Bg6 8.O-O
Bg7 9.Bf4 O-O 10.Re1 Nd7 11.Qe2 Re8 12.Rad1 e6 13.Bg3 a6 14.Nd2 Nb6 15.Bxg6
hxg6 16.Ne4 f5 17.Nc5 Qe7 18.Qf3 Ra7 19.Qb3 Nc8 20.c3 b5 21.Nd3 Nb6 22.Qc2 Nd5
23.Be5 Raa8 24.b3 Rec8 25.Qd2 Nf6 26.f3 Nd7 27.Bxg7 Kxg7 28.Qf4 Rh8 29.g3 Rac8
30.c4 g5 31.Qxf5 exf5 32.Rxe7 bxc4 33.bxc4 Nb6 34.Ne5 Rhf8 35.Rb1 Na4 36.Rbb7
Nc3 37.Rxf7+ Rxf7 38.Rxf7+ Kg8 39.Rxf5 {#r} 1-0

[Event "Budapest Spring Open 2017"]
[Site "masterchessopen.com Budapest HUN"]
[Date "2017.03.22"]
[Round "5.30"]
[White "Milikow,Yoav"]
[Black "Kantor,G"]
[Result "0-1"]
[WhiteElo "2024"]
[BlackElo "2479"]
[EventType "swiss"]

1.d4 Nf6 2.c4 e6 3.Nc3 Bb4 4.e3 b6 5.f3 O-O 6.Bd3 d5 7.cxd5 exd5 8.Ne2 Bd6
9.O-O c5 10.Bc2 Nc6 11.Kh1 Ba6 12.Re1 Re8 13.Bb3 Nb4 14.dxc5 Nd3 15.Rf1 Bxc5
16.Ba4 Nxc1 17.Nxc1 Bxf1 18.Bxe8 Bxg2+ 19.Kxg2 Qxe8 20.Nxd5 Nxd5 21.Qxd5 Rd8
22.Qf5 Rd2+ 23.Kh3 Qxe3 24.Nb3 Qh6+ {#R} 0-1

[Event "Budapest Spring Open 2017"]
[Site "masterchessopen.com Budapest HUN"]
[Date "2017.03.22"]
[Round "5.34"]
[White "Battaglini,G"]
[Black "Nemeth,Zo"]
[Result "1-0"]
[WhiteElo "2440"]
[BlackElo "2267"]
[EventType "swiss"]

1.d4 Nf6 2.c4 e6 3.Nc3 Bb4 4.Bg5 c5 5.d5 Bxc3+ 6.bxc3 exd5 7.cxd5 d6 8.Nf3 O-O
9.e3 Bg4 10.Be2 Bxf3 11.Bxf3 Nbd7 12.O-O Ne5 13.Rb1 b6 14.Re1 h6 15.Bh4 Qe7
16.Be2 Ng6 17.Bg3 Ne4 18.Qc2 Nxg3 19.hxg3 Qg5 20.a4 h5 21.a5 bxa5 22.Rb5 h4
23.g4 Rab8 24.Rxa5 h3 25.Qf5 Qd8 26.Rxa7 Nh4 27.Qh5 g6 28.Qh6 Nxg2 29.Rf1 Qh4
30.Qxh4 Nxh4 31.Kh2 Rb2 32.Kxh3 g5 33.Bd3 Nf3 34.Kg3 Ne5 35.Be4 Rfb8 36.Rh1
R2b3 37.Rh5 Rxc3 38.Rxg5+ Kh8 39.Ra1 {#r} 1-0

[Event "Budapest Spring Open 2017"]
[Site "masterchessopen.com Budapest HUN"]
[Date "2017.03.22"]
[Round "5.36"]
[White "Atabayew,S"]
[Black "Karacsonyi,Gellert"]
[Result "1-0"]
[WhiteElo "2415"]
[BlackElo "2250"]
[EventType "swiss"]

1.Nf3 Nf6 2.c4 e6 3.g3 d5 4.Bg2 Be7 5.O-O O-O 6.b3 b6 7.Bb2 Bb7 8.d3 c5 9.cxd5
Nxd5 10.Nbd2 Bf6 11.d4 cxd4 12.Nxd4 Nc6 13.Nc4 Nxd4 14.Bxd4 Bxd4 15.Qxd4 Qe7
16.e4 Nb4 17.Qd6 Qxd6 18.Nxd6 Ba6 19.Rfd1 e5 20.Rd2 Rfd8 21.Rad1 Nc6 22.f4 f6
23.Kf2 Nd4 24.Nf5 Ne6 25.fxe5 fxe5 26.Ne7+ Kf7 27.Nc6 Rxd2+ 28.Rxd2 Kf6 29.Ke3
Nd4 30.Rf2+ Ke6 31.Bh3+ Kd6 32.Nxd4 exd4+ 33.Kxd4 Re8 34.Rf7 Re7 35.e5+ {#r}
1-0

[Event "Budapest Spring Open 2017"]
[Site "masterchessopen.com Budapest HUN"]
[Date "2017.03.22"]
[Round "5.37"]
[White "Bukal,V jr"]
[Black "Molnar,Erno"]
[Result "1-0"]
[WhiteElo "2396"]
[BlackElo "2242"]
[EventType "swiss"]

1.d4 Nf6 2.Bg5 Ne4 3.Bf4 c5 4.f3 Qa5+ 5.c3 Nf6 6.d5 Qb6 7.Bc1 e6 8.e4 exd5
9.exd5 Be7 10.c4 O-O 11.Bd3 Re8 12.Nc3 d6 13.Nge2 Nbd7 14.f4 Ng4 15.O-O Bf6
16.Ne4 Bd4+ 17.Nxd4 cxd4 18.Qxg4 Rxe4 19.Bxe4 Nc5 20.f5 {#r} 1-0

[Event "Baltic Zonal Vilnius 2017"]
[Site "masterchessopen.com Vilnius LTU"]
[Date "2017.03.22"]
[Round "2.4"]
[White "Sulskis,S"]
[Black "Sveshnikov,V"]
[Result "1-0"]
[WhiteElo "2517"]
[BlackElo "2416"]

1.c4 e6 2.Nc3 d5 3.d4 c6 4.Nf3 Nf6 5.g3 Nbd7 6.Bg2 dxc4 7.O-O Be7 8.e4 O-O
9.a4 a5 10.Qe2 b6 11.Rd1 Ba6 12.Bf4 Re8 13.Qc2 Rc8 14.h4 h6 15.Bh3 Bb4 16.g4
b5 17.g5 Nh5 18.Be3 hxg5 19.Nxg5 g6 20.d5 cxd5 21.exd5 e5 22.Be6 Kg7 23.Nxf7
Qf6 24.Bh6+ Kh7 25.Ne4 {#r} 1-0

[Event "Baltic Zonal Vilnius 2017"]
[Site "masterchessopen.com Vilnius LTU"]
[Date "2017.03.22"]
[Round "2.6"]
[White "Miezis,N"]
[Black "Brazdzionis,A"]
[Result "1-0"]
[WhiteElo "2497"]
[BlackElo "2288"]

1.c4 f5 2.Nc3 Nf6 3.d4 e6 4.g3 Be7 5.Bg2 O-O 6.Nh3 d6 7.Nf4 c6 8.Nd3 Qe8 9.O-O
Nbd7 10.d5 cxd5 11.cxd5 e5 12.Nb5 Qd8 13.Qc2 Ne8 14.Bd2 a6 15.Na3 e4 16.Nf4
Ne5 17.Nc4 Nxc4 18.Qxc4 g5 19.Ne6 Bxe6 20.dxe6 Qc8 21.Qb3 Ng7 22.g4 Qxe6
23.Qxe6+ Nxe6 24.gxf5 Rxf5 25.Bxe4 Re5 26.Bxb7 Ra7 27.Bg2 Rxe2 28.Be3 Rc7
29.Bd5 Kf7 30.Rfe1 Rcc2 31.Kf1 Rxe1+ 32.Rxe1 Bf6 33.f4 gxf4 34.Bxf4 Bh4
35.Rxe6 {#r} 1-0

[Event "Baltic Zonal Vilnius 2017"]
[Site "masterchessopen.com Vilnius LTU"]
[Date "2017.03.22"]
[Round "2.9"]
[White "Klabis,R"]
[Black "Zagorskis,D"]
[Result "1-0"]
[WhiteElo "2252"]
[BlackElo "2466"]

1.e4 c5 2.Nc3 e6 3.d4 cxd4 4.Qxd4 Nc6 5.Qd3 Nf6 6.Nf3 Qc7 7.Be3 a6 8.O-O-O b5
9.Kb1 Bb7 10.Bg5 Bc5 11.Bh4 d6 12.Qd2 O-O-O 13.Bd3 h6 14.a4 b4 15.Ne2 g5
16.Bg3 Qa5 17.Nc1 Qxa4 18.Nb3 Bb6 19.Qe2 Nh5 20.Bc4 Nxg3 21.hxg3 Kb8 22.g4 Na5
23.Nfd2 Nxc4 24.Nxc4 Bc7 25.f3 d5 26.exd5 Rxd5 27.Rxd5 Bxd5 28.Ne5 f6 29.Nd3
Qb5 30.Nbc5 Bb6 31.Ne4 Rc8 32.Nd6 Qa4 33.Nxc8 Kxc8 34.Nc1 Bd4 35.Qd3 Be5
36.Rxh6 Qc6 37.Rh7 Bc7 38.Qd4 Bd8 39.Nd3 a5 40.Qc5 {#r} 1-0

[Event "Baltic Zonal Vilnius 2017"]
[Site "masterchessopen.com Vilnius LTU"]
[Date "2017.03.22"]
[Round "3.2"]
[White "Meskovs,N"]
[Black "Miezis,N"]
[Result "1-0"]
[WhiteElo "2490"]
[BlackElo "2497"]

1.Nf3 e6 2.c4 Nf6 3.g3 d5 4.Bg2 g6 5.d4 Bg7 6.O-O O-O 7.Nc3 c6 8.b3 Ne4 9.Bb2
c5 10.cxd5 exd5 11.Rc1 Nxc3 12.Bxc3 cxd4 13.Bxd4 f6 14.Bb2 Nc6 15.Nd4 Nxd4
16.Qxd4 Be6 17.Rfd1 Re8 18.e3 a6 19.Bxd5 Bxd5 20.Qxd5+ Qxd5 21.Rxd5 Rad8
22.Rcd1 Rxd5 23.Rxd5 Re7 24.g4 Kf7 25.Rd6 g5 26.Kg2 Re6 27.Rd7+ Re7 28.Rxe7+
Kxe7 29.f4 h6 30.Kf3 Kf7 31.f5 Bf8 32.Ke4 Bd6 33.h3 Ke7 34.Kd5 Bb4 35.e4 Kf7
36.Bd4 Ba3 37.Bc5 Bb2 38.Bd6 Bc1 39.a4 Bf4 40.e5 fxe5 41.Bxe5 Bd2 42.Kc5 Ba5
43.Kd6 Bd2 44.Kd7 Be3 45.b4 Bf4 46.Bd4 Bg3 47.b5 axb5 48.axb5 h5 49.gxh5 {#r}
1-0

[Event "Baltic Zonal Vilnius 2017"]
[Site "masterchessopen.com Vilnius LTU"]
[Date "2017.03.22"]
[Round "3.3"]
[White "Neiksans,A"]
[Black "Klabis,R"]
[Result "1-0"]
[WhiteElo "2613"]
[BlackElo "2252"]

1.e4 e5 2.Nf3 Nc6 3.Bb5 Nge7 4.c3 g6 5.d4 exd4 6.cxd4 a6 7.Ba4 Bg7 8.d5 b5
9.Bb3 Na5 10.Bd2 Nxb3 11.Qxb3 d6 12.Bc3 O-O 13.Bxg7 Kxg7 14.Nbd2 c5 15.dxc6
Nxc6 16.Qc3+ Ne5 17.Nxe5 dxe5 18.Qxe5+ Kg8 19.O-O-O Bg4 20.f3 Re8 21.Qd5 Qxd5
22.exd5 Bf5 23.Ne4 Bxe4 24.fxe4 Rxe4 25.Rd2 Rc8+ 26.Kb1 Rd8 27.Rc1 Kg7 28.Rc6
Re5 29.d6 a5 30.Kc2 Rd7 31.Ra6 a4 32.b3 axb3+ 33.Kxb3 Kf6 34.Kb4 Ke6 35.Rb6
Rd8 36.d7+ Ke7 37.Rbd6 f5 38.R6d5 Re4+ 39.Kc5 Re6 40.Rd6 Re1 41.Kb6 b4 42.Kc7
Re4 43.Rc6 Re1 44.Rdd6 Re4 45.Re6+ {#r} 1-0

[Event "Baltic Zonal Vilnius 2017"]
[Site "masterchessopen.com Vilnius LTU"]
[Date "2017.03.22"]
[Round "3.4"]
[White "Starostits,I"]
[Black "Kulaots,K"]
[Result "0-1"]
[WhiteElo "2425"]
[BlackElo "2582"]

1.d4 Nf6 2.Nf3 g6 3.g3 Bg7 4.Bg2 O-O 5.O-O d6 6.c4 c6 7.Nc3 Bf5 8.Nh4 Be6 9.b3
d5 10.cxd5 cxd5 11.Bb2 Nc6 12.e3 Bg4 13.Qd2 Qd7 14.f3 Be6 15.g4 Rfd8 16.g5 Ne8
17.f4 Bh3 18.f5 Bxg2 19.Qxg2 e6 20.f6 Bf8 21.Rad1 Qc7 22.Qh3 Nd6 23.Ba3 Qa5
24.Bxd6 Rxd6 25.Ne2 e5 26.Ng3 Qc3 27.Nhf5 gxf5 28.Nxf5 Nxd4 29.Nxd6 Bxd6
30.Kh1 Ne6 31.Rxd5 Nf4 32.Rxf4 exf4 33.Rxd6 Qe1+ 34.Kg2 Qe2+ 35.Kg1 f3 36.Qf1
Qxe3+ 37.Kh1 f2 38.Kg2 Qe4+ {#R} 0-1

[Event "Baltic Zonal Vilnius 2017"]
[Site "masterchessopen.com Vilnius LTU"]
[Date "2017.03.22"]
[Round "3.9"]
[White "Seeman,T"]
[Black "Krupenski,Y"]
[Result "1-0"]
[WhiteElo "2411"]
[BlackElo "2426"]

1.Nf3 Nf6 2.g3 d5 3.Bg2 Bg4 4.O-O c6 5.d3 Nbd7 6.Nbd2 e5 7.h3 Bh5 8.e4 dxe4
9.dxe4 Bc5 10.Qe1 O-O 11.a4 Ne8 12.Nh4 f6 13.Nb3 Nd6 14.Qc3 Bb6 15.a5 Bc7
16.Be3 a6 17.g4 Bf7 18.Rfd1 Qe7 19.Nc5 Rfd8 20.Rxd6 Bxd6 21.Nf5 Bxc5 22.Nxe7+
Bxe7 23.Bf1 Nf8 24.Bc4 Rd7 25.Qb3 Bxc4 26.Qxc4+ Kh8 27.h4 Ng6 28.h5 Nh4 29.Qe6
{#r} 1-0

[Event "10th Remberto Fernandez"]
[Site "masterchessopen.com Havana CUB"]
[Date "2017.03.22"]
[Round "7.1"]
[White "Cifuentes,J"]
[Black "Jaquez,J"]
[Result "0-1"]
[WhiteElo "2264"]
[BlackElo "2256"]

1.e4 e6 2.d4 d5 3.Nc3 Nf6 4.Bg5 Bb4 5.e5 h6 6.Bd2 Bxc3 7.Bxc3 Ne4 8.Bd3 Nxc3
9.bxc3 c5 10.Qg4 O-O 11.dxc5 Nd7 12.Nf3 Qc7 13.O-O Nxe5 14.Nxe5 Qxe5 15.Qd4
Qc7 16.c4 dxc4 17.Qxc4 Bd7 18.Qe4 g6 19.Qe3 Kg7 20.Rab1 Bc6 21.Rb4 Rad8 22.Rh4
Rh8 23.Re1 Qe7 24.Rg4 Rd5 25.h4 h5 26.Rg5 Rhd8 27.f4 Rxg5 28.hxg5 Rd5 29.c4
Rxc5 30.Qd4+ Kg8 31.Re2 b6 32.g4 hxg4 33.Rh2 e5 34.Re2 Ra5 35.Rxe5 Rxe5
36.Qxe5 Qxe5 37.fxe5 Kf8 38.e6 fxe6 39.Bxg6 g3 40.a3 Bf3 41.a4 e5 42.a5 e4
43.axb6 axb6 44.Bf5 e3 45.Bd3 e2 46.Bxe2 Bxe2 47.Kg2 Bxc4 48.Kxg3 b5 {#R} 0-1

[Event "10th Remberto Fernandez"]
[Site "masterchessopen.com Havana CUB"]
[Date "2017.03.22"]
[Round "7.2"]
[White "Berdayes Ason,Dylan Isidro"]
[Black "Cruz de la Osa,R"]
[Result "1-0"]
[WhiteElo "2414"]
[BlackElo "2263"]

1.e4 c5 2.Nf3 d6 3.d4 cxd4 4.Nxd4 Nf6 5.Nc3 a6 6.Bg5 e6 7.f4 Qc7 8.Qe2 Nc6
9.O-O-O Be7 10.Nxc6 bxc6 11.e5 dxe5 12.Qxe5 Qxe5 13.fxe5 Ng4 14.Bxe7 Kxe7
15.Re1 f6 16.exf6+ gxf6 17.Be2 Ne5 18.Rhf1 Rg8 19.g3 Bd7 20.Rf4 Be8 21.Ref1
Rf8 22.Ra4 a5 23.b4 c5 24.Rxa5 Rxa5 25.bxa5 Bc6 26.Rf4 f5 27.Rh4 Rf7 28.a4 Kd8
29.Nb5 Rd7 30.a6 Kc8 31.Rh6 Re7 32.Kd2 Kb8 33.Kc3 Bd5 34.Bh5 Nd7 35.Kd3 Nb6
36.Ke3 Bc4 37.Kf4 Nxa4 38.a7+ Ka8 39.Bf3+ Bd5 40.Rxe6 {#r} 1-0

[Event "10th Remberto Fernandez"]
[Site "masterchessopen.com Havana CUB"]
[Date "2017.03.22"]
[Round "7.3"]
[White "Lopez Gonzalez,A"]
[Black "Fernandez Cardoso,A"]
[Result "0-1"]
[WhiteElo "2392"]
[BlackElo "2431"]

1.e4 c5 2.Nf3 e6 3.d4 cxd4 4.Nxd4 a6 5.c4 Nf6 6.Nc3 Qc7 7.a3 b6 8.Be2 Bb7 9.f3
d6 10.Be3 Nbd7 11.O-O Be7 12.Qd2 Ne5 13.Rfc1 Rc8 14.b4 O-O 15.Rab1 Qd7 16.Qa2
Rfe8 17.a4 d5 18.a5 dxe4 19.axb6 exf3 20.gxf3 Ng6 21.c5 e5 22.c6 Bxc6 23.Nxc6
Rxc6 24.b5 Rd6 25.bxa6 Nh5 26.b7 Nh4 27.Qa4 Rg6+ 28.Kf2 Nf5 29.Rb4 Nf4 30.Bxf4
exf4 31.Nd5 Bh4+ 32.Kf1 Ne3+ {#R} 0-1

[Event "90th ch-St Petersburg"]
[Site "masterchessopen.com St Petersburg RUS"]
[Date "2017.03.22"]
[Round "5.1"]
[White "Duzhakov,I"]
[Black "Azimov,Ilyas"]
[Result "1-0"]
[WhiteElo "2424"]
[BlackElo "2138"]

1.d4 Nf6 2.c4 e6 3.Nf3 Bb4+ 4.Nbd2 O-O 5.a3 Be7 6.e4 d6 7.b3 c5 8.dxc5 dxc5
9.Bb2 Nc6 10.e5 Nd7 11.Qe2 Qc7 12.g3 a6 13.Bg2 b5 14.O-O Bb7 15.Rac1 Rfd8
16.h4 b4 17.a4 Ndb8 18.Rfd1 Na5 19.Qe3 Nbc6 20.Kh2 Rd7 21.Ne4 h6 22.Rxd7 Qxd7
23.Rc2 Qd1 24.Rd2 Qxb3 25.Nf6+ Kf8 26.Qe4 g6 27.Qf4 Kg7 28.Bc1 Rh8 29.Rd7 Bc8
30.Ne8+ Kf8 31.Nd6 Rh7 32.Rc7 Bb7 33.Nxb7 Nxb7 34.Rxc6 Qxa4 35.Rc8+ Nd8 36.Qd2
Qa5 37.Qd7 b3 38.Rb8 Qa1 39.Be3 Qa3 40.Nd2 b2 41.Ne4 {#r} 1-0